[Event "Muensterland Verbandsklasse-A 0708"]
[Site "Germany"]
[Date "2007.12.15"]
[Round "4.8"]
[White "Bernemann, Michael"]
[Black "Fechner, Juergen"]
[Result "1-0"]
[WhiteElo "1717"]
[BlackElo "1569"]
[PlyCount "75"]
[EventDate "2007.09.22"]
[EventType "team"]
[EventRounds "9"]
[EventCountry "GER"]
[SourceTitle "EXT 2009"]
[Source "ChessBase"]
[SourceDate "2008.11.26"]
[SourceVersion "1"]
[SourceVersionDate "2008.11.26"]
[SourceQuality "1"]
[WhiteTeam "Muenster SK III"]
[BlackTeam "Ibbenbueren"]
[WhiteTeamCountry "GER"]
[BlackTeamCountry "GER"]

1. e4 c5 2. Nf3 Nc6 3. Nc3 e6 4. d4 cxd4 5. Nxd4 a6 6. g3 Nf6 7. Bg2 b5 8. e5 Nd5 9. Nxd5 exd5 10. Bxd5 Bb7 11. 0-0 Qc8 12. Nxc6 Bxc6 13. Bf4 Be7 14. c3 0-0 15. Qd3 Qb7 16. Rfd1 Rad8 17. Qf3 Qb6 18. Be3 Bc5 19. Bd4 Rde8 20. b4 Bxd4 21. cxd4 Rc8 22. Rac1 h6 23. Rc5 Bxd5 24. Qxd5 Rxc5 25. dxc5 Qe6 26. f4 Qc6 27. Qxd7 Qe4 28. Qd4 Qe2 29. Rd2 Qe1+ 30. Kg2 Re8 31. c6 Qc1 32. Qd7 Re6 33. Qd8+ Kh7 34. Qd3+ Kg8 35. Rc2 Rxc6 36. Rxc1 Rxc1 37. f5 Rc4 38. a3 1-0